[Event "POL-ch Blitz U18"]
[Site "Bydgoszcz"]
[Date "2023.08.31"]
[Round "4"]
[White "Zmarzly, Wiktor"]
[Black "Zielonka, Adam"]
[Result "1/2-1/2"]
[WhiteElo "1698"]
[BlackElo "2052"]
[PlyCount "78"]
[EventDate "2023.08.28"]
[EventType "swiss"]
[EventRounds "10"]
[EventCountry "POL"]
[SourceTitle "EXT 2024"]
[Source "ChessBase"]
[SourceDate "2023.10.10"]
[SourceVersion "1"]
[SourceVersionDate "2023.10.10"]
[SourceQuality "1"]

1. c4 b6 2. Nc3 Bb7 3. e4 e5 4. g3 Nc6 5. Bg2 Bc5 6. Nge2 Nge7 7. d3 d6 8. Be3 0-0 9. 0-0 Kh8 10. Bxc5 dxc5 11. Nd5 Nd4 12. Nxd4 cxd4 13. f4 c6 14. Nxe7 Qxe7 15. fxe5 Qxe5 16. Rf5 Qe7 17. Qd2 Bc8 18. Rf4 Be6 19. e5 Rac8 20. Rxd4 Qc5 21. Qe3 Rcd8 22. Re4 Rxd3 23. Qxc5 bxc5 24. b3 Rd2 25. Ree1 Rfd8 26. Bf3 Bf5 27. Rad1 g6 28. Rxd2 Rxd2 29. Re2 Rxe2 30. Bxe2 Bb1 31. a3 Kg7 32. Kf2 Bc2 33. b4 cxb4 34. axb4 Kf8 35. Bf3 Bb3 36. c5 Ba4 37. Ke3 Ke7 38. Kd4 Bb5 39. e6 Kxe6 1/2-1/2

[Event "POL-ch Rapid U18"]
[Site "Bydgoszcz"]
[Date "2023.08.29"]
[Round "3"]
[White "Zielonka, Adam"]
[Black "Grobelny, Mikolaj"]
[Result "1-0"]
[WhiteElo "1972"]
[BlackElo "1648"]
[PlyCount "93"]
[EventDate "2023.08.28"]
[EventType "swiss"]
[EventRounds "11"]
[EventCountry "POL"]
[SourceTitle "EXT 2024"]
[Source "ChessBase"]
[SourceDate "2023.10.10"]
[SourceVersion "1"]
[SourceVersionDate "2023.10.10"]
[SourceQuality "1"]

1. c4 c5 2. Nc3 Nc6 3. g3 g6 4. Bg2 Bg7 5. a3 e5 6. e3 Nge7 7. Nge2 d6 8. 0-0 Be6 9. Nd5 0-0 10. Rb1 a5 11. Nec3 f5 12. d3 Bf7 13. Nxe7+ Qxe7 14. Nd5 Qd8 15. b4 axb4 16. axb4 b6 17. b5 Na5 18. Qc2 Ra7 19. Bd2 Kh8 20. Bc3 Bxd5 21. Bxd5 Qd7 22. f4 Rd8 23. Rfe1 Qe7 24. Ra1 g5 25. Qb2 Re8 26. Kg2 e4 27. dxe4 fxe4 28. f5 Bxc3 29. Qxc3+ Qe5 30. Qxe5+ Rxe5 31. f6 Rf5 32. Rf1 Rxd5 33. cxd5 Rf7 34. h4 h5 35. hxg5 Kh7 36. Kh3 Kg6 37. Kh4 c4 38. Rac1 Nb3 39. Rc2 c3 40. g4 hxg4 41. Kxg4 Nd2 42. Rh1 Rh7 43. Rxh7 Kxh7 44. Rxc3 Nf3 45. Rc7+ Kg8 46. g6 Ne5+ 47. Kf5 1-0

[Event "POL-ch Rapid U18"]
[Site "Bydgoszcz"]
[Date "2023.08.29"]
[Round "1"]
[White "Zielonka, Adam"]
[Black "Jaron, Dawid"]
[Result "1-0"]
[WhiteElo "1972"]
[BlackElo "1239"]
[PlyCount "99"]
[EventDate "2023.08.28"]
[EventType "swiss"]
[EventRounds "11"]
[EventCountry "POL"]
[SourceTitle "EXT 2024"]
[Source "ChessBase"]
[SourceDate "2023.10.10"]
[SourceVersion "1"]
[SourceVersionDate "2023.10.10"]
[SourceQuality "1"]

1. c4 c5 2. Nc3 Nc6 3. g3 g6 4. Bg2 Bg7 5. a3 d6 6. Rb1 Nf6 7. e3 0-0 8. Nge2 Bd7 9. b4 cxb4 10. axb4 Rb8 11. 0-0 Ne5 12. d3 Bf5 13. e4 Bd7 14. b5 Bg4 15. f3 Bd7 16. f4 Neg4 17. h3 Nh6 18. g4 Bxg4 19. hxg4 Nhxg4 20. b6 axb6 21. Bf3 Qc8 22. Rb5 Ra8 23. Kg2 Ra1 24. Qd2 Ra5 25. Bb2 Rxb5 26. Nxb5 Qc5 27. Bd4 Qc8 28. Bxb6 h5 29. Nbc3 Bh6 30. Nd5 Nxd5 31. cxd5 Qd7 32. Bd4 Bg7 33. Bxg7 Kxg7 34. f5 Ne5 35. d4 Nc4 36. Qg5 Rh8 37. fxg6 fxg6 38. Kh2 b5 39. Nf4 Qe8 40. Rg1 Nd2 41. Ne6+ Kh7 42. Qxd2 Qf7 43. Ng5+ Kg7 44. Nxf7 Kxf7 45. Qg5 Rg8 46. Bxh5 b4 47. Bxg6+ Kf8 48. Qf5+ Kg7 49. Bh7+ Kh8 50. Rxg8# 1-0

[Event "Ustron op-B"]
[Site "Ustron"]
[Date "2023.08.18"]
[Round "8"]
[White "Trybus, Daniel"]
[Black "Zielonka, Adam"]
[Result "1/2-1/2"]
[WhiteElo "2031"]
[BlackElo "2052"]
[PlyCount "139"]
[EventDate "2023.08.11"]
[EventType "swiss"]
[EventRounds "9"]
[EventCountry "POL"]
[SourceTitle "CBM 215 Extra"]
[Source "ChessBase"]
[SourceDate "2023.09.30"]
[SourceVersion "1"]
[SourceVersionDate "2023.09.30"]
[SourceQuality "1"]

1. e4 c5 2. Nf3 e6 3. g3 Nc6 4. Bg2 Nf6 5. Qe2 e5 6. c3 Be7 7. 0-0 0-0 8. Rd1 Re8 9. Na3 Bf8 10. d3 h6 11. Nc4 d5 12. Ne3 d4 13. Nd5 Nxd5 14. exd5 Qxd5 15. Nxd4 Nxd4 16. cxd4 Qxd4 17. Be3 Qa4 18. Rdc1 Bg4 19. Qd2 Qd7 20. Bxc5 Bxc5 21. Rxc5 Rac8 22. Rxc8 Rxc8 23. Qe3 b6 24. Qxe5 Qxd3 25. Re1 Be6 26. a3 Qd2 27. Bf3 Rc2 28. Rf1 Rc1 29. Rxc1 Qxc1+ 30. Kg2 Bc4 31. Be2 Bxe2 32. Qxe2 Qc6+ 33. Qf3 Qd7 34. Qa8+ Kh7 35. Qe4+ g6 36. b4 h5 37. h3 Kg8 38. g4 hxg4 39. hxg4 Kg7 40. Kg3 Qd6+ 41. Kf3 a5 42. Ke3 Kf8 43. f4 Qd1 44. bxa5 Qe1+ 45. Kd3 Qb1+ 46. Kd4 Qb2+ 47. Kd5 Qxa3 48. axb6 Qa8+ 49. Kd4 Qa4+ 50. Ke3 Qb3+ 51. Qd3 Qxb6+ 52. Qd4 Qe6+ 53. Kf3 Qb3+ 54. Qe3 Qd5+ 55. Kg3 Qh1 56. Qe5 Kg8 57. Qe8+ Kg7 58. Qe5+ Kg8 59. f5 Qg1+ 60. Kh4 Qf2+ 61. Kg5 Qd2+ 62. Kh4 Qf2+ 63. Kg5 Qd2+ 64. Kf6 Qd8+ 65. Qe7 Qd4+ 66. Qe5 Qd8+ 67. Qe7 Qd4+ 68. Kg5 Qd2+ 69. Kh4 Qh2+ 70. Kg5 1/2-1/2

[Event "Ustron op-B"]
[Site "Ustron"]
[Date "2023.08.16"]
[Round "6"]
[White "Dziendziel, Mateusz"]
[Black "Zielonka, Adam"]
[Result "0-1"]
[WhiteElo "2011"]
[BlackElo "2052"]
[PlyCount "54"]
[EventDate "2023.08.11"]
[EventType "swiss"]
[EventRounds "9"]
[EventCountry "POL"]
[SourceTitle "CBM 215 Extra"]
[Source "ChessBase"]
[SourceDate "2023.09.30"]
[SourceVersion "1"]
[SourceVersionDate "2023.09.30"]
[SourceQuality "1"]

1. e4 e5 2. Bc4 Nc6 3. Nf3 Bc5 4. d3 Nf6 5. c3 0-0 6. 0-0 d5 7. exd5 Nxd5 8. b4 Be7 9. b5 Na5 10. Nxe5 Bf6 11. Qh5 Nxc4 12. dxc4 g6 13. Nxg6 hxg6 14. Qxd5 Be6 15. Qe4 Re8 16. Be3 a6 17. Na3 Bxc3 18. Rad1 Qc8 19. Qh4 Bg7 20. Bg5 axb5 21. Nxb5 Ra4 22. Rc1 Rxa2 23. Nc3 Ra5 24. Ne4 Bd7 25. c5 Ra4 26. c6 Bxc6 27. f3 f5 0-1

[Event "Pardubice Czech op-A 34th"]
[Site "Pardubice"]
[Date "2023.07.29"]
[Round "9"]
[White "Vojta, Jakub"]
[Black "Zielonka, Adam"]
[Result "1/2-1/2"]
[WhiteElo "2277"]
[BlackElo "1952"]
[PlyCount "39"]
[EventDate "2023.07.21"]
[EventType "swiss"]
[EventRounds "9"]
[EventCountry "CZE"]
[SourceTitle "CBM 215 Extra"]
[Source "ChessBase"]
[SourceDate "2023.09.30"]
[SourceVersion "1"]
[SourceVersionDate "2023.09.30"]
[SourceQuality "1"]

1. Nf3 c5 2. e4 e6 3. c4 Nc6 4. Nc3 e5 5. g3 g6 6. Bg2 Bg7 7. 0-0 Nge7 8. d3 0-0 9. Nh4 d6 10. f4 exf4 11. gxf4 f5 12. Nf3 a6 13. Kh1 Rb8 14. a4 fxe4 15. dxe4 Na5 16. Nd2 Be6 17. Nd5 Qd7 18. Qf3 Nec6 19. Qd3 Nd4 20. Ra3 1/2-1/2

[Event "Bydgoszcz op-A"]
[Site "Bydgoszcz"]
[Date "2023.06.30"]
[Round "7"]
[White "Smietanska, Wiktoria"]
[Black "Zielonka, Adam"]
[Result "1-0"]
[WhiteElo "1936"]
[BlackElo "2038"]
[PlyCount "93"]
[EventDate "2023.06.24"]
[EventType "swiss"]
[EventRounds "9"]
[EventCountry "POL"]
[SourceTitle "CBM 215 Extra"]
[Source "ChessBase"]
[SourceDate "2023.09.30"]
[SourceVersion "1"]
[SourceVersionDate "2023.09.30"]
[SourceQuality "1"]

1. e4 c5 2. Nf3 e6 3. d4 cxd4 4. Nxd4 Nc6 5. Nb5 d6 6. c4 Nf6 7. N1c3 a6 8. Na3 Qa5 9. Bd2 Be7 10. Bd3 Qc7 11. 0-0 Ne5 12. Be2 b6 13. Be3 Bb7 14. f4 Ned7 15. Bf3 0-0 16. Qe2 Rac8 17. Rac1 Qb8 18. Nab1 Qa8 19. Nd2 Rfe8 20. g4 d5 21. e5 Ne4 22. Ndxe4 dxe4 23. Bg2 Nc5 24. Rcd1 b5 25. cxb5 axb5 26. a3 Na4 27. Nxa4 bxa4 28. Qf2 Bd5 29. Rd2 Rb8 30. f5 Bf8 31. f6 g6 32. h4 Rb3 33. h5 Rc8 34. Kh1 gxh5 35. gxh5 Kh8 36. Qg3 Rxe3 37. Qxe3 Bc5 38. Qh6 Rg8 39. Kh2 Qa7 40. Re1 Qc7 41. Qf4 Bb6 42. Bxe4 Ba5 43. Rc2 Qxc2+ 44. Bxc2 Bxe1 45. Bg6 Bb7 46. Qh6 fxg6 47. f7 1-0

[Event "Bydgoszcz op-A"]
[Site "Bydgoszcz"]
[Date "2023.06.28"]
[Round "5"]
[White "Chaczynski, Kamil"]
[Black "Zielonka, Adam"]
[Result "1-0"]
[WhiteElo "2123"]
[BlackElo "2038"]
[PlyCount "103"]
[EventDate "2023.06.24"]
[EventType "swiss"]
[EventRounds "9"]
[EventCountry "POL"]
[SourceTitle "CBM 215 Extra"]
[Source "ChessBase"]
[SourceDate "2023.09.30"]
[SourceVersion "1"]
[SourceVersionDate "2023.09.30"]
[SourceQuality "1"]

1. e4 c5 2. Nf3 e6 3. d4 cxd4 4. Nxd4 Nc6 5. Nc3 a6 6. Bf4 d6 7. Bg3 e5 8. Nxc6 bxc6 9. Bc4 Be6 10. Qd3 Be7 11. 0-0 Bxc4 12. Qxc4 Qb6 13. Kh1 Nf6 14. f4 exf4 15. Bxf4 0-0 16. Bg5 Qxb2 17. Qd3 Rfe8 18. Rab1 Qa3 19. Rf5 Rab8 20. Rbf1 Qb4 21. h3 Nd7 22. Rb1 Qa3 23. Rxb8 Nxb8 24. Bxe7 Rxe7 25. Nd5 Qxd3 26. Nxe7+ Kf8 27. cxd3 Kxe7 28. Ra5 c5 29. Kg1 Kd7 30. Kf2 Kc6 31. Ra3 Kb6 32. Rb3+ Kc7 33. Ke3 Nc6 34. Rb2 Nd4 35. Rf2 f6 36. g4 Ne6 37. h4 Kc6 38. Rb2 Kc7 39. a4 Nd4 40. Kf4 Ne6+ 41. Kg3 Nd4 42. g5 f5 43. Kf4 fxe4 44. Kxe4 Kc6 45. Rf2 d5+ 46. Ke5 Nb3 47. h5 c4 48. dxc4 dxc4 49. h6 gxh6 50. gxh6 Kc5 51. Rf7 c3 52. Rxh7 1-0

[Event "Bydgoszcz op-A"]
[Site "Bydgoszcz"]
[Date "2023.06.26"]
[Round "3"]
[White "Sieciechowicz, Marcin"]
[Black "Zielonka, Adam"]
[Result "1-0"]
[WhiteElo "2387"]
[BlackElo "2038"]
[PlyCount "79"]
[EventDate "2023.06.24"]
[EventType "swiss"]
[EventRounds "9"]
[EventCountry "POL"]
[SourceTitle "CBM 215 Extra"]
[Source "ChessBase"]
[SourceDate "2023.09.30"]
[SourceVersion "1"]
[SourceVersionDate "2023.09.30"]
[SourceQuality "1"]

1. d4 Nf6 2. c4 e6 3. Nc3 Bb4 4. Qc2 b6 5. e4 c5 6. d5 Qe7 7. Nge2 exd5 8. exd5 0-0 9. Bd2 d6 10. 0-0-0 Ng4 11. Be1 Qg5+ 12. Qd2 Qxd2+ 13. Kxd2 Re8 14. a3 Ba5 15. Nc1 Bf5 16. Bd3 Bxd3 17. Nxd3 Bxc3+ 18. Kxc3 Nd7 19. h3 Nge5 20. Nxe5 Nxe5 21. Bd2 f5 22. Rhe1 Kf8 23. Bf4 Nf7 24. Re6 Red8 25. h4 Rab8 26. Rd3 b5 27. b3 a5 28. cxb5 Rxb5 29. Kc4 Rb6 30. Bd2 Ra8 31. Bc3 a4 32. b4 Rc8 33. b5 Rcb8 34. Rg3 g6 35. h5 g5 36. Rf6 Rxb5 37. Rxg5 Rb3 38. Rgxf5 R8b7 39. Rxd6 Rxa3 40. Rd8+ 1-0

[Event "Prague op 21st"]
[Site "Prague"]
[Date "2023.01.13"]
[Round "9"]
[White "Zielonka, Adam"]
[Black "Matras, Ondrej"]
[Result "1/2-1/2"]
[WhiteElo "2053"]
[BlackElo "2181"]
[PlyCount "61"]
[EventDate "2023.01.06"]
[EventType "swiss"]
[EventRounds "9"]
[EventCountry "CZE"]
[SourceTitle "CBM 212 Extra"]
[Source "ChessBase"]
[SourceDate "2023.03.31"]
[SourceVersion "1"]
[SourceVersionDate "2023.03.31"]
[SourceQuality "1"]

1. c4 g6 2. Nc3 Bg7 3. g3 e5 4. Bg2 Ne7 5. e3 0-0 6. Nge2 c6 7. d4 d6 8. 0-0 Be6 9. b3 Qc8 10. Ba3 Rd8 11. Qd2 exd4 12. exd4 Bh3 13. Rad1 Bxg2 14. Kxg2 Nf5 15. d5 c5 16. Bb2 Re8 17. Rfe1 Nd7 18. h3 h5 19. Ng1 Nf6 20. Rxe8+ Qxe8 21. Re1 Qd7 22. Ne4 Nxe4 23. Rxe4 Re8 24. Rxe8+ Qxe8 25. Bxg7 Kxg7 26. Qe2 Qxe2 27. Nxe2 Kf6 28. f4 Ne3+ 29. Kf3 Nc2 30. Ke4 a6 31. a4 1/2-1/2

[Event "Krakow op-B 33rd"]
[Site "Krakow"]
[Date "2023.01.03"]
[Round "8"]
[White "Kumor, Lukasz"]
[Black "Zielonka, Adam"]
[Result "0-1"]
[WhiteElo "2052"]
[BlackElo "1991"]
[PlyCount "148"]
[EventDate "2022.12.27"]
[EventType "swiss"]
[EventRounds "9"]
[EventCountry "POL"]
[SourceTitle "CBM 212 Extra"]
[Source "ChessBase"]
[SourceDate "2023.03.31"]
[SourceVersion "1"]
[SourceVersionDate "2023.03.31"]
[SourceQuality "1"]

1. e4 c5 2. Nf3 e6 3. d4 cxd4 4. Nxd4 Nc6 5. Nc3 a6 6. Nxc6 bxc6 7. Bd3 d5 8. 0-0 Nf6 9. Qf3 Be7 10. Bf4 Bb7 11. e5 Nd7 12. Qg3 Kf8 13. Rad1 c5 14. b3 h5 15. h3 Qc7 16. Rfe1 Rc8 17. Bd2 h4 18. Qh2 g6 19. Nb1 Kg7 20. c4 d4 21. Bc1 Bc6 22. Nd2 a5 23. a4 Rb8 24. Bc2 Rh5 25. f4 Rb7 26. Ne4 Nb8 27. Rd3 Na6 28. Bd2 Rh8 29. Kh1 Nb4 30. Bxb4 Rxb4 31. Qg1 Qb7 32. Nd2 Qa8 33. Bd1 g5 34. Qf2 gxf4 35. Qxf4 Bxg2+ 36. Kh2 Kf8 37. Rg1 Bc6 38. Bf3 Rb8 39. Ne4 Ke8 40. Rg7 Rf8 41. Nd6+ Bxd6 42. exd6 Bxf3 43. Rxf3 Rb7 44. Qe4 Qc8 45. Qe5 Qc6 46. Rgxf7 Rbxf7 47. Qxe6+ Kd8 48. Rxf7 Rxf7 49. Qxf7 Qxd6+ 50. Kg2 d3 51. Qg8+ Kc7 52. Qa8 Qg3+ 53. Kf1 Qxh3+ 54. Kf2 Qg3+ 55. Kf1 Qf4+ 56. Ke1 Qe3+ 57. Kf1 Qc1+ 58. Kf2 Qf4+ 59. Ke1 Qe3+ 60. Kf1 d2 61. Qa7+ Kd6 62. Qb8+ Ke7 63. Qc7+ Kf6 64. Qd6+ Kg5 65. Qd5+ Kg4 66. Qd7+ Kg3 67. Qg7+ Kf3 68. Qb7+ Qe4 69. Qf7+ Qf4 70. Qd5+ Ke3+ 71. Kg2 Qg3+ 72. Kh1 Qf3+ 73. Kh2 Qxd5 74. cxd5 d1Q 0-1

[Event "Krakow op-B 33rd"]
[Site "Krakow"]
[Date "2022.12.31"]
[Round "5"]
[White "Zielonka, Adam"]
[Black "Swiderski, Radoslaw"]
[Result "0-1"]
[WhiteElo "1991"]
[BlackElo "2015"]
[PlyCount "88"]
[EventDate "2022.12.27"]
[EventType "swiss"]
[EventRounds "9"]
[EventCountry "POL"]
[SourceTitle "CBM 212 Extra"]
[Source "ChessBase"]
[SourceDate "2023.03.31"]
[SourceVersion "1"]
[SourceVersionDate "2023.03.31"]
[SourceQuality "1"]

1. c4 e5 2. Nc3 Nf6 3. e3 Nc6 4. a3 d5 5. cxd5 Nxd5 6. Qc2 Be7 7. Nf3 0-0 8. Nxd5 Qxd5 9. Bd3 Kh8 10. Be4 Qd6 11. b4 f5 12. Bxc6 bxc6 13. Bb2 e4 14. Nd4 c5 15. bxc5 Qxc5 16. Qxc5 Bxc5 17. Rc1 Bb6 18. 0-0 c5 19. Nb3 Ba6 20. Rfe1 Rac8 21. a4 c4 22. Nd4 Kg8 23. Bc3 Rf7 24. Rb1 g6 25. Rb2 Rd7 26. Reb1 Kf7 27. a5 Bc5 28. Rb8 Rxb8 29. Rxb8 Rb7 30. Rxb7+ Bxb7 31. Kf1 Ke7 32. Ke1 Bd5 33. h4 Kd7 34. Kd1 Kc7 35. Nc2 Bf7 36. Nb4 Be7 37. Kc2 Bxh4 38. Be5+ Kb7 39. g3 Be7 40. Kc3 h5 41. Bd4 a6 42. Bb6 h4 43. gxh4 Bxh4 44. Kd4 Bf6+ 0-1

[Event "POL-ch U20"]
[Site "Karpacz"]
[Date "2022.11.23"]
[Round "6"]
[White "Luberanski, Jakub"]
[Black "Zielonka, Adam"]
[Result "1-0"]
[WhiteElo "2255"]
[BlackElo "2058"]
[PlyCount "47"]
[EventDate "2022.11.19"]
[EventType "swiss"]
[EventRounds "9"]
[EventCountry "POL"]
[SourceTitle "EXT 2024"]
[Source "ChessBase"]
[SourceDate "2023.10.10"]
[SourceVersion "1"]
[SourceVersionDate "2023.10.10"]
[SourceQuality "1"]

1. d4 Nf6 2. c4 e6 3. Nc3 Bb4 4. e3 d5 5. Bd3 c6 6. Nge2 Nbd7 7. 0-0 0-0 8. a3 Bxc3 9. Nxc3 dxc4 10. Bxc4 e5 11. Ba2 Qc7 12. e4 exd4 13. Qxd4 Ne5 14. f4 Neg4 15. h3 Rd8 16. Qc5 b6 17. Qg5 Nh6 18. f5 Ba6 19. Bf4 Qe7 20. Rf3 Kh8 21. e5 Nfg8 22. f6 Qc5+ 23. Kh1 g6 24. e6 1-0

[Event "POL-ch U20"]
[Site "Karpacz"]
[Date "2022.11.22"]
[Round "4"]
[White "Czopor, Maciej"]
[Black "Zielonka, Adam"]
[Result "1-0"]
[WhiteElo "2432"]
[BlackElo "2058"]
[PlyCount "61"]
[EventDate "2022.11.19"]
[EventType "swiss"]
[EventRounds "9"]
[EventCountry "POL"]
[SourceTitle "EXT 2024"]
[Source "ChessBase"]
[SourceDate "2023.10.10"]
[SourceVersion "1"]
[SourceVersionDate "2023.10.10"]
[SourceQuality "1"]

1. e4 c5 2. Nf3 e6 3. d4 cxd4 4. Nxd4 Nc6 5. Nc3 a6 6. Be3 Nf6 7. Qf3 d6 8. Nxc6 bxc6 9. g4 h6 10. h4 e5 11. g5 Ng4 12. Bd2 Qb6 13. Bh3 h5 14. b3 a5 15. Na4 Qa7 16. 0-0-0 Be7 17. Be1 0-0 18. Qe2 d5 19. exd5 cxd5 20. Bxg4 Bxg4 21. f3 Bd7 22. Qxe5 Rfe8 23. Qd4 Bxa4 24. Qxa4 Bb4 25. Bxb4 axb4 26. Qxa7 Rxa7 27. Rhe1 Rc8 28. Kb1 Rc5 29. Re8+ Kh7 30. Rb8 Rc3 31. Rxd5 1-0

[Event "POL-ch U20"]
[Site "Karpacz"]
[Date "2022.11.20"]
[Round "2"]
[White "Fiedorek, Michal"]
[Black "Zielonka, Adam"]
[Result "1-0"]
[WhiteElo "2298"]
[BlackElo "2058"]
[PlyCount "121"]
[EventDate "2022.11.19"]
[EventType "swiss"]
[EventRounds "9"]
[EventCountry "POL"]
[SourceTitle "EXT 2024"]
[Source "ChessBase"]
[SourceDate "2023.10.10"]
[SourceVersion "1"]
[SourceVersionDate "2023.10.10"]
[SourceQuality "1"]

1. e4 c5 2. Nf3 e6 3. d4 cxd4 4. Nxd4 Nc6 5. Nc3 a6 6. Be2 d6 7. 0-0 Nf6 8. Be3 Be7 9. f4 0-0 10. a4 Qc7 11. Kh1 Re8 12. Bd3 Nxd4 13. Bxd4 e5 14. Bg1 exf4 15. Rxf4 Be6 16. Nd5 Bxd5 17. exd5 g6 18. Qf3 Nd7 19. Bd4 Rf8 20. Rf1 Ne5 21. Bxe5 dxe5 22. Rxf7 Qd6 23. c3 a5 24. g3 Kh8 25. Qe4 Rxf7 26. Rxf7 Rf8 27. Rxf8+ Bxf8 28. h4 Kg7 29. Kg2 b6 30. h5 Be7 31. hxg6 hxg6 32. Qc4 Kf7 33. Be2 Bg5 34. Bg4 Be3 35. Be6+ Kg7 36. Qc8 Qf8 37. Qd7+ Kh6 38. Bf7 Bc5 39. Qe6 Qd6 40. Kf3 Qxe6 41. dxe6 Kg7 42. Ke4 Kf6 43. g4 g5 44. Kd5 Be7 45. Bg8 Kg7 46. Bf7 Kf6 47. Be8 e4 48. Bb5 e3 49. Be2 Bc5 50. Bd3 Be7 51. Be2 Bc5 52. Bc4 Be7 53. Kc6 Bd8 54. Kd7 Be7 55. Kc7 Bc5 56. b4 axb4 57. cxb4 Bxb4 58. Kxb6 e2 59. Bxe2 Kxe6 60. a5 Kd7 61. a6 1-0

[Event "Ustron op-B"]
[Site "Ustron"]
[Date "2022.08.20"]
[Round "9"]
[White "Zielonka, Adam"]
[Black "Gradalski, Olaf"]
[Result "0-1"]
[WhiteElo "1923"]
[BlackElo "2075"]
[PlyCount "134"]
[EventDate "2022.08.12"]
[EventType "swiss"]
[EventRounds "9"]
[EventCountry "POL"]
[SourceTitle "CBM 209 Extra"]
[Source "ChessBase"]
[SourceDate "2022.09.30"]
[SourceVersion "1"]
[SourceVersionDate "2022.09.30"]
[SourceQuality "1"]

1. c4 e6 2. Nf3 d5 3. b3 c5 4. g3 Nc6 5. Bg2 d4 6. e3 e5 7. exd4 exd4 8. d3 Bg4 9. 0-0 Bd6 10. Re1+ Nge7 11. Nbd2 0-0 12. Ne4 Re8 13. h3 Bh5 14. Nxd6 Qxd6 15. Bf4 Qd7 16. g4 Bg6 17. Nh4 Nb4 18. Nxg6 Nxg6 19. Rxe8+ Rxe8 20. Bg3 f5 21. a3 Nc6 22. gxf5 Qxf5 23. Qf3 Qxf3 24. Bxf3 Nce5 25. Be4 Rf8 26. b4 Nf4 27. Bxf4 Rxf4 28. bxc5 Nd7 29. c6 bxc6 30. Bxc6 Nc5 31. Bd5+ Kf8 32. Rd1 Rf6 33. Be4 Rb6 34. Kf1 g6 35. Ke2 Rb3 36. Rg1 Rxa3 37. Rg5 Ne6 38. Re5 Nf4+ 39. Kf3 Nxd3 40. Bxd3 Rxd3+ 41. Ke4 Rxh3 42. Kxd4 Rh4+ 43. Kd5 Rh5 44. f4 Rxe5+ 45. fxe5 Ke7 46. c5 h5 47. c6 h4 48. e6 h3 49. c7 h2 50. c8Q h1Q+ 51. Kd4 Qg1+ 52. Kd3 Qg3+ 53. Ke2 Qg2+ 54. Ke1 Qe4+ 55. Kf1 Qd3+ 56. Kg2 a6 57. Qc7+ Kxe6 58. Qc6+ Ke5 59. Qc7+ Kd4 60. Qd6+ Ke3 61. Qc5+ Kd2 62. Qb4+ Kd1 63. Qf8 g5 64. Qg7 Qd2+ 65. Kg1 a5 66. Qa1+ Ke2 67. Qa4 Qd1+ 0-1

[Event "Poronin Tatra Limba op"]
[Site "Poronin"]
[Date "2022.01.11"]
[Round "9"]
[White "Zylka, Stanislaw"]
[Black "Zielonka, Adam"]
[Result "1-0"]
[WhiteElo "2400"]
[BlackElo "1926"]
[PlyCount "71"]
[EventDate "2022.01.06"]
[EventType "swiss"]
[EventRounds "9"]
[EventCountry "POL"]
[SourceTitle "CBM 206 Extra"]
[Source "ChessBase"]
[SourceDate "2022.03.31"]
[SourceVersion "1"]
[SourceVersionDate "2022.03.31"]
[SourceQuality "1"]

1. Nf3 c5 2. c4 Nc6 3. d4 cxd4 4. Nxd4 Nf6 5. Nc3 e6 6. a3 d5 7. cxd5 Nxd5 8. Nxc6 bxc6 9. Qc2 Be7 10. e4 Nf6 11. Bf4 0-0 12. Be2 Bb7 13. 0-0 Qc8 14. Rac1 Ba6 15. Qa4 Bxe2 16. Nxe2 Qb7 17. Rc2 c5 18. f3 a6 19. Nc1 Qb5 20. Qc4 Nd7 21. Nb3 Ra7 22. Rd1 Rc8 23. Bd6 Kf8 24. Bxe7+ Kxe7 25. Qc3 f6 26. f4 Rac7 27. e5 c4 28. Nd4 Qc5 29. Qh3 Nf8 30. b4 Qb6 31. exf6+ gxf6 32. Kf1 Rd8 33. Nf5+ exf5 34. Re2+ Kf7 35. Rxd8 c3 36. Qh6 1-0

[Event "Poronin Tatra Limba op"]
[Site "Poronin"]
[Date "2022.01.09"]
[Round "6"]
[White "Zielonka, Adam"]
[Black "Bartoszczuk, Adam"]
[Result "1/2-1/2"]
[WhiteElo "1926"]
[BlackElo "1434"]
[PlyCount "41"]
[EventDate "2022.01.06"]
[EventType "swiss"]
[EventRounds "9"]
[EventCountry "POL"]
[SourceTitle "CBM 206 Extra"]
[Source "ChessBase"]
[SourceDate "2022.03.31"]
[SourceVersion "1"]
[SourceVersionDate "2022.03.31"]
[SourceQuality "1"]

1. c4 g6 2. Nc3 Bg7 3. g3 e5 4. Bg2 d6 5. e3 Ne7 6. Nge2 0-0 7. 0-0 f5 8. d4 e4 9. b4 c6 10. Qb3 Kh8 11. Bb2 Be6 12. a4 Nd7 13. Rfd1 Bf7 14. a5 a6 15. d5 Ne5 16. Na4 Qc7 17. Nb6 Rad8 18. Rac1 Nc8 19. Nxc8 Rxc8 20. h4 Kg8 21. Nf4 1/2-1/2

[Event "Poronin Tatra Limba op"]
[Site "Poronin"]
[Date "2022.01.08"]
[Round "4"]
[White "Zielonka, Adam"]
[Black "Ustianovich, Nazar"]
[Result "1/2-1/2"]
[WhiteElo "1926"]
[BlackElo "2344"]
[PlyCount "45"]
[EventDate "2022.01.06"]
[EventType "swiss"]
[EventRounds "9"]
[EventCountry "POL"]
[SourceTitle "CBM 206 Extra"]
[Source "ChessBase"]
[SourceDate "2022.03.31"]
[SourceVersion "1"]
[SourceVersionDate "2022.03.31"]
[SourceQuality "1"]

1. c4 Nf6 2. Nc3 e5 3. e3 Bb4 4. Nge2 c6 5. a3 Bxc3 6. Nxc3 0-0 7. d4 e4 8. Be2 Re8 9. 0-0 d5 10. b4 dxc4 11. Bxc4 Be6 12. Qb3 Qd6 13. h3 Nbd7 14. a4 Nb6 15. Bxe6 Rxe6 16. b5 Nbd5 17. Ba3 Qd7 18. bxc6 Rxc6 19. Nxd5 Nxd5 20. Rfc1 Rac8 21. Rc5 Nf6 22. Rac1 h6 23. Qb5 1/2-1/2

[Event "Poronin Tatra Limba op"]
[Site "Poronin"]
[Date "2022.01.06"]
[Round "1"]
[White "Liskiewicz, Jakub"]
[Black "Zielonka, Adam"]
[Result "1/2-1/2"]
[WhiteElo "1598"]
[BlackElo "1926"]
[PlyCount "51"]
[EventDate "2022.01.06"]
[EventType "swiss"]
[EventRounds "9"]
[EventCountry "POL"]
[SourceTitle "CBM 206 Extra"]
[Source "ChessBase"]
[SourceDate "2022.03.31"]
[SourceVersion "1"]
[SourceVersionDate "2022.03.31"]
[SourceQuality "1"]

1. d4 Nf6 2. c4 e6 3. Nc3 Bb4 4. e3 d5 5. Bd3 e5 6. dxe5 dxc4 7. Qa4+ Nc6 8. Bxc4 Ne4 9. Nge2 Nc5 10. Qd1 Qxd1+ 11. Kxd1 Nxe5 12. Bb3 Ng4 13. Rf1 Nxh2 14. Rg1 Ng4 15. f3 Nf2+ 16. Kc2 Nfd3 17. Nd5 0-0 18. e4 Nxb3 19. axb3 Nxc1 20. Rgxc1 Bd6 21. Kd3 Rd8 22. Ke3 c6 23. Nb6 Bc5+ 24. Rxc5 axb6 25. Rxa8 bxc5 26. Nc3 1/2-1/2